Normal view
MARC view
- AWAKENING THE PEOPLE
Entry Topical Term
001 - CONTROL NUMBER
- control field: 57650
003 - CONTROL NUMBER IDENTIFIER
- control field: NUST
005 - DATE AND TIME OF LATEST TRANSACTION
- control field: 20210628201952.0
008 - FIXED-LENGTH DATA ELEMENTS
- fixed length control field: 210628|| aca||aabn | a|a d
040 ## - CATALOGING SOURCE
- Original cataloging agency: NUST
- Transcribing agency: NUST
150 ## - HEADING--TOPICAL TERM
- Topical term or geographic name entry element: AWAKENING THE PEOPLE
670 ## - SOURCE DATA FOUND
- Source citation: Work cat.: (NUST): Zulfikar Ali Bhutto,Bhutto, Zulfikar Ali 57649, Awakening the people,a collection of articles, statements and speeches, 2002
